00893nam a2200193 a 450000100100000000500170001000800410002702000180006804000250008608200140011111000850012524500600021026000350027030000200030595201270032595201120045295201180056499900170068200002977520200930055810.0110425s2007 dr 000 0 spa d a9789945860702 aDO-SdBNPbspacBNPHU axxxbI59r2 aInstituto Dominicano de Investigaciones Agropecuarias y Forestales (IDIAF)9154610aResúmenes de investigación en protección vegetal. aSanto Domingo :bIDIAF,c2007. a28 p. ;c28 cm. 001054708DSaGRbGRcCTd2011-11-16iLF1l0oxxx I59rp29775-30r2020-06-25te. 3w2020-06-25yLFDSZPréstamo en sala 0010718PDaPDbPDcCTd2011-04-25iLF1l0oxxx I59rp29775-10r2020-06-25w2020-06-25yLFPDZNo se presta 0010718PDaPDbPDcCTd2011-04-25iLF1l0oxxx I59rp29775-20r2020-06-25te. 2w2020-06-25yLFPDZNo se presta c29267d29267